| 000 | 00950nam a2200241 u 4500 | ||
|---|---|---|---|
| 005 | 20240911063840.0 | ||
| 008 | 190605s2014 mx r 000 0 spa d | ||
| 020 | _a9786070255410 | ||
| 035 | _aUPN01000230987 | ||
| 049 | _aCG | ||
| 050 | 4 |
_aHG185 A4.4 _bA4.3 |
|
| 245 | 0 | 0 |
_aAmérica Latina: su arquitectura financiera : _bCátedra maestro Ricardo Torres Gaitán / _cJosé Antonio Ocampo ... [et al.]. ; coord. María del Carmen del Valle Rivera. |
| 260 |
_aMéxico : _bUNAM, Instituto de Investigaciones Económicas, _c2014. |
||
| 300 |
_a135 p. : _bgráfs., cuadros |
||
| 650 | 4 |
_aFINANZAS - _zAMERICA LATINA _915095 |
|
| 650 | 4 |
_aBANCOS Y OPERACIONES BANCARIAS - _zAMERICA LATINA _927718 |
|
| 651 | 4 |
_aAmérica Latina _xPolítica económica _93988 |
|
| 650 | 2 |
_aCrisis financieras _912039 |
|
| 700 | 1 |
_aOcampo, José Antonio, _ecoaut. _929763 |
|
| 700 | 1 |
_aValle Rivera, María del Carmen del, _ecoord. |
|
| 905 | _aLibro | ||
| 999 |
_c203082 _d203082 |
||